000 00541cam a22002291 4500
001 sa 65001164
003 DLC
005 20260227112107.0
008 940602m19581963ii 000 0 beno
010 _asa 65001164
025 _aPL480:EP-B-523
035 _a(OCoLC)30538404
040 _aDLC
_cCU
_dCU
_dDLC
042 _apremarc
050 0 0 _aTK6550
_b.H2215
100 1 _aHamid, S. M. Abdul.
245 1 0 _aReḍio bijñāna.
260 _c[1958-63]
300 _a3 v.
_bill.
_c19 cm.
500 _aIn Bengali.
650 0 _aRadio.
999 _c61933
_d61933